Zur Theologie
Uloženo v:
| Hlavní autor: | |
|---|---|
| Médium: | Kniha |
| Jazyk: | němčina |
| Vydáno: |
Berlín
Georg Reimer
1846
|
| Edice: | Sämmtliche Werke, 5
|
| Témata: | |
| Tagy: |
Přidat tag
Žádné tagy, Buďte první, kdo vytvoří štítek k tomuto záznamu!
|
MARC
| LEADER | 00000nam a2200000 a 4500 | ||
|---|---|---|---|
| 001 | UCU1618 | ||
| 003 | CL-VaPUC | ||
| 008 | 960409e18460000GW |||||||||||||||||ger|d | ||
| 082 | 0 | 4 | |a 210 |b SCH |2 21 |
| 100 | 0 | |a Schleiermacher, Friedrich |e author |9 357290 | |
| 245 | 1 | 0 | |a Zur Theologie |
| 300 | |a 725 p | ||
| 942 | |c BK | ||
| 945 | |d 19960409 00:00:00 |a cmena | ||
| 260 | |a Berlín |b Georg Reimer |c 1846 | ||
| 650 | 7 | |a RELOGION |2 CL-VaPUC |9 357291 | |
| 650 | 0 | |a Teología |9 258766 | |
| 650 | 0 | |a Política |9 255312 | |
| 650 | 0 | |a Protestantismo |9 317293 | |
| 650 | 0 | |a Historia |9 255047 | |
| 651 | 0 | |a Alemania |9 255688 | |
| 583 | |a last modification |c 19960409 00:00:00 |k Rodrigo Vera | ||
| 490 | 0 | |a Sämmtliche Werke, 5 | |
| 999 | |c 246179 |d 246177 | ||
| 952 | |0 0 |1 0 |4 0 |6 210_000000000000000_SCH_1846 |7 0 |8 P |9 260931 |a BIBEDU |b BIBEDU |c BIBEDU_PB |d 2019-11-19 |i 2013371 |o 210 SCH 1846 |p 2013371 |r 2024-01-25 |w 2019-11-19 |y BK |k FIL | ||